00341nam a2200145Ia 4500008004100000041000800041082001500049100001300064245003600077250001200113260002000125300000800145365001600153700002600169230718s9999 xx 000 0 und d aeng a372.6bMOH aMohan K. aDeveloping Communication Skills a2nd ed. c2009bMacmillan a388 cRs.b195.00 aMohan K. & Banerji M.